00931 2200337 4500001002100000005001500021035002000036007000300056040001700059245005400076250001300130300003500143504002500178020002200203041000800225082000800233084001400241090002100255264003900276336002100315337003000336338002300366650001200389850001000401008004100411100002100452500002900473700004700502990002200549990002200571INLIS00000000000781620260529025741 a0010-0922000305ta aSBPUPADbind1 aCara Smart Bertanam Apel di Lahan Sempit /cEriko a.- cet.1 a104 hlm :bilus. ;c14 x 21 cm aBibliografi, hlm 101 a978-602-6348-08-107aind a634 a634 ERI c a635.9 GAL g 19-7 a.--Depok :bAkar Publishing,c2016 2rdacontentateks 2rdamediaatanpa perantara 2rdacarrieravolume 4aTanaman aPUPAD260529 0 0 aErikoePengarang aTentang Penulis, hlm 1040 aPemeriksa Aksara, Dylan RaytamaePengarang a29.877/B/DPK/2018 a29.878/B/DPK/2018